Central Library OPAC University of Rajshahi
Normal view MARC view

Entry Personal Name

Number of records used in: 2

001 - CONTROL NUMBER

  • control field: 14670

003 - CONTROL NUMBER IDENTIFIER

  • control field: BD-RjUL

005 - DATE AND TIME OF LATEST TRANSACTION

  • control field: 20241211140520.0

008 - FIXED-LENGTH DATA ELEMENTS

  • fixed length control field: 241211|| aca||aabn | a|a d

040 ## - CATALOGING SOURCE

  • Original cataloging agency: BD-RjUL
  • Transcribing agency: BD-RjUL

100 ## - HEADING--PERSONAL NAME

  • Personal name: Mohsin, A. B. M., Supervisor

670 ## - SOURCE DATA FOUND

  • Source citation: Work cat.: (BD-RjUL)84528: Parvez, Md. Taskin 14668, Impact of Aquaculture Expansion on Aquatic Biodiversity and Livelihood in North-Western Area of Bangladesh /, 2022